LEADER 01311nam a2200301 i 4500 001 000000214585 003 CaOOAMICUS 005 20151207000000.0 008 151207s1985 it u000 u ita u 013 $a193456 020 $a88-317-4778-9 040 $aSeMil$bita 100 1 $aMaturana, Humberto R.$0(OLS)http://semarc/name/76318 245 10$aAutopoiesi e cognizione :$bla realizzazione del vivente /$cHumberto R. Maturana, Francisco Varela ; prefazione di Giorgio De Michelis. 260 $aVenezia :$bMarsilio,$c1985. 300 $a205 p. ;$c22 cm. 490 0 $aSaggi Marsilio 650 4$aEpistemologia.$0(OLS)http://semarc/subject/312 650 4$aBiologia - Teorie.$0(OLS)http://semarc/subject/27566 700 1 $aDe Michelis, Giorgio.$0(OLS)http://semarc/name/76320 700 1 $aVarela, Francisco.$0(OLS)http://semarc/name/76319 830 0$aSaggi Marsilio.$0(OLS)http://semarc/title/7835 850 $aSeMil 852 $aSeMil$W1$xVenegono$y1$m3X V 55$j165007$B165007$CSeMilBibl$Z2$F209047 $81 961 $aLascito: Milani don Felice 996 $6020$a88-317-4778-9$9(OLS)http://semarc/number/210889 996 $6245$aAutopoiesi e cognizione :$bla realizzazione del vivente$9(OLS)http://semarc/title/309157 996 $6260$aVenezia :$bMarsilio$9(OLS)http://semarc/publisher/30231 LEADER 01091nam a2200229 i 4500 001 000000046773 003 CaOOAMICUS 005 20120221000000.0 008 120221s1965 xx u000 u fre u 013 $a17943 040 $aSeMil$bita 100 1 $aSchelkle, Karl Hermann,$d<1908-1988>.$0(OLS)http://semarc/name/89115 240 10$aJüngerschaft und Apostelamt.$0(OLS)http://semarc/title/70105 245 10$aDisciple et apôtre :$bcommentaire biblique du ministère sacerdotal /$cKarl Hermann Schelkle ; Traduit de l'allemand par Francis Schanen. 260 $aLe Puy ; Lyon :$bÉditions Xavier Mappus,$ccopyr. 1965. 300 $a124 p. ;$c20 cm. 650 4$aSacerdozio.$0(OLS)http://semarc/subject/255 700 1 $aSchanen, Francis.$0(OLS)http://semarc/name/23258 850 $aSeMil 852 $aSeMil$W1$xVenegono$y1$m2C II 267$j12928$B12928$CSeMilBibl$Z2$F12928 $81 996 $6245$aDisciple et apôtre :$bcommentaire biblique du ministère sacerdotal$9(OLS)http://semarc/title/70104 996 $6260$aLe Puy ; Lyon :$bÉditions Xavier Mappus$9(OLS)http://semarc/publisher/38914